Amenities and property values in a model of an urban area (Registro nro. 25810)

Detalles MARC
000 -LEADER
fixed length control field 00386 a2200121 4500
001 - CONTROL NUMBER
control field ART_11764
005 - DATE AND TIME OF LATEST TRANSACTION
control field 20260410161900.0
008 - FIXED-LENGTH DATA ELEMENTS--GENERAL INFORMATION
fixed length control field 260409a
100 1# - MAIN ENTRY--PERSONAL NAME
Personal name Polinsky, A. Mitchell
245 10 - TITLE STATEMENT
Title Amenities and property values in a model of an urban area
700 1# - ADDED ENTRY--PERSONAL NAME
Personal name Shavell, Steven
773 0# - HOST ITEM ENTRY
Title Journal of public economics
Related parts - Vol. 9, Nº 1 (feb. 1978)
Record control number REV11485

No hay ítems disponibles.